000 00479nam a2200181Ia 4500
005 20250326124006.0
008 250326s9999 xx 000 0 und d
037 _aTextbook
040 _aFMSL
_beng
_cFMSL
041 _aeng
_2eng
084 _aX K21
_qFMSL
100 _aErhard L
245 0 _aProsperity through competition
_cErhard L
260 _aLondon
_bLondon, Thames and Hudson
_c1962
300 _a262p
942 _cTB
_hX K21
999 _c1271790
_d1271790